LIBRARY & INFORMATION CENTRE, KCAET, TAVANUR

ONLINE PUBLIC ACCESS CATALOGUE (OPAC)

Keralam engane jeevikkunnu / (Record no. 5927)

MARC details
000 -LEADER
fixed length control field 00427cam a2200169ua 4500
041 ## - LANGUAGE CODE
Language code of text/sound track or separate title mal
082 ## - DEWEY DECIMAL CLASSIFICATION NUMBER
Classification number 894.8124
Item number PAV/KE
100 ## - MAIN ENTRY--AUTHOR NAME
Personal name Pavanan, .
245 ## - TITLE STATEMENT
Title Keralam engane jeevikkunnu /
260 ## - PUBLICATION, DISTRIBUTION, ETC. (IMPRINT)
Place of publication Kottayam :
Name of publisher Sahitya Pravarthaka Co-operative Society ,
Year of publication 1967.
300 ## - PHYSICAL DESCRIPTION
Number of Pages 182 ; .
942 ## - ADDED ENTRY ELEMENTS (KOHA)
Koha item type Books
Holdings
Withdrawn status Lost status Damaged status Home library Current library Date acquired Full call number Accession Number Koha item type
      KAUAET KAUAET 07/04/2012 894.8124 12723 Books
free website counter